| 000 | 00431nam a2200157 a 4500 | ||
|---|---|---|---|
| 005 | 20140310183204.0 | ||
| 008 | 030422s19uu xx 00 eng d | ||
| 050 |
_aPZ 4 _b.Ey97 1955 |
||
| 100 | _aEyre, Katherine Wigmore | ||
| 245 |
_aThe Lute and the Glove / _cKatherine Wigmore Eyre. |
||
| 260 |
_aNew York : _bAce Books, Inc, _c1955. |
||
| 300 |
_a223 p. : _c18 cm. |
||
| 650 | _aFiction | ||
| 942 |
_cBK _2lcc |
||
| 999 |
_c19956 _d19956 |
||